000 00298nam a2200133Ia 4500
005 20251222155054.0
008 251222s9999||||xx |||||||||||||| ||spa||
082 _aEPI. 16
100 _aTIMBERLAKE.
245 0 _aDesastres Naturales
250 _a1ra. ed.
264 _bEarthscan
942 _cLIB
999 _c37412
_d37412